书目信息 |
| 题名: |
日本语能力测试词汇必备
|
|
| 作者: | 周新平 , 章羽红 主编 | |
| 分册: | 3、4级 | |
| 出版信息: | 上海 上海交通大学出版社 2006.12 |
|
| 页数: | 269页 | |
| 开本: | 18cm | |
| 丛书名: | ||
| 单 册: | ||
| 中图分类: | H363 | |
| 科图分类: | ||
| 主题词: | 日语--ri yu--词汇--水平考试--自学参考资料 | |
| 电子资源: | ||
| ISBN: | 7-313-04548-4 | |
| 000 | 00902nam0 2200229 450 | |
| 001 | 012006171222 | |
| 005 | 20070529100054.46 | |
| 010 | @a7-313-04548-4@dCNY12.00 | |
| 100 | @a20061216d2006 km y0chiy0120 ea | |
| 101 | 0 | @achi@ajpn |
| 102 | @aCN@b310000 | |
| 105 | @ay z 000yy | |
| 200 | 1 | @a日本语能力测试词汇必备@Ari ben yu neng li ce shi ci hui bi bei@i3、4级@f周新平, 章羽红主编@Fzhou xin ping,zhang yu hong zhu bian |
| 210 | @a上海@c上海交通大学出版社@d2006.12 | |
| 215 | @a269页@d18cm | |
| 330 | @a本书根据最新版《日本语能力测试出题基准》编写而成。全书通过对日语能力考试考点的分析,归纳出常考或必考的重点词汇用法,从常见搭配、用法、例句和辨析等多方面来强化词汇记忆。 | |
| 606 | 0 | @a日语@Ari yu@x词汇@x水平考试@j自学参考资料 |
| 690 | @aH363@v4 | |
| 701 | 0 | @a周新平@Azhou xin ping@4主编 |
| 701 | 0 | @a章羽红@Azhang yu hong@4主编 |
| 801 | 0 | @aCN@c20070529 |
| 905 | @b232754-55@dH363@eZ804 | |
| 日本语能力测试词汇必备.3、4级/周新平, 章羽红主编.-上海:上海交通大学出版社,2006.12 |
| 269页;18cm |
| ISBN 7-313-04548-4:CNY12.00 |
| 本书根据最新版《日本语能力测试出题基准》编写而成。全书通过对日语能力考试考点的分析,归纳出常考或必考的重点词汇用法,从常见搭配、用法、例句和辨析等多方面来强化词汇记忆。 |
| ● |
| 相关链接 |
|
|
|
正题名:日本语能力测试词汇必备
索取号:H363/Z804
 
预约/预借
| 序号 | 登录号 | 条形码 | 馆藏地/架位号 | 状态 | 备注 |
| 1 | 232754 | 202327543 | 语言库209/209语言库 127排2列3层/ [索取号:H363/Z804] | 在馆 | |
| 2 | 232755 | 202327552 | 语言库209/209语言库 127排2列3层/ [索取号:H363/Z804] | 在馆 |